Špecifické prípady uplatňovania daňového bonusu

Daňový bonus je možné chápať ako formu daňovej úľavy alebo daňového zvýhodnenia, ktoré sa poskytuje daňovníkovi vyživujúcemu dieťa žijúce s ním v domácnosti formou zníženia dane z príjmov, respektíve preddavkov na daň, ktorú by inak daňovník musel zaplatiť. Zákon č. 595/2003 Z. z. o dani z príjmov v...

Descrizione completa

Salvato in:
Dettagli Bibliografici
Autore principale: Válek, Juraj, 1981-
Natura: Capitolo di libro
Lingua:slovacco
Soggetti:
Tags: Aggiungi Tag
Nessun Tag, puoi essere il primo ad aggiungerne!!

MARC

LEADER 00000nla a2200000 4500
001 0152727
005 20240502072723.7
041 0 |a slo 
044 |a SK 
245 1 0 |a Špecifické prípady uplatňovania daňového bonusu  |c Juraj Válek 
520 |a Daňový bonus je možné chápať ako formu daňovej úľavy alebo daňového zvýhodnenia, ktoré sa poskytuje daňovníkovi vyživujúcemu dieťa žijúce s ním v domácnosti formou zníženia dane z príjmov, respektíve preddavkov na daň, ktorú by inak daňovník musel zaplatiť. Zákon č. 595/2003 Z. z. o dani z príjmov v znení neskorších predpisov. Príklady. 
610 2 0 |a dane 
610 2 0 |a dane z príjmov 
610 2 0 |a preddavky 
610 2 0 |a zvýhodnenie daňové 
610 2 0 |a odpočet dane 
610 2 0 |a obdobie zdaňovacie 
610 2 0 |a zákony 
100 1 |a Válek, Juraj, 1981-